[Event "II Festival A"]
[Site "Salsomaggiore Terme ITA"]
[Date "1998.05.??"]
[Round "5"]
[White "Nicolo', Filippo"]
[Black "Pipitone, Antonio"]
[Result "1-0"]
[WhiteElo "1971"]
[BlackElo "2050"]
[PlyCount "81"]
[EventDate "1998.05.14"]

1. e4 c5 2. Nf3 d6 3. d4 cxd4 4. Nxd4 Nf6 5. Nc3 Nc6 6. Bc4 e6 7. Be3 Be7 8.
Qe2 O-O 9. O-O-O Qc7 10. Rhg1 a6 11. Bb3 Na5 12. g4 Nxb3+ 13. axb3 b5 14. g5
Nd7 15. Nf5 Re8 16. Nxg7 Kxg7 17. Bd4+ Kg8 18. Qh5 Ne5 19. f4 Ng6 20. f5 Nf4
21. Qh4 e5 22. Be3 b4 23. Bxf4 bxc3 24. Rd3 cxb2+ 25. Kxb2 d5 26. Rh3 Ba3+ 27.
Kb1 Bxf5 28. exf5 Rec8 29. Qxh7+ Kf8 30. Qh8+ Ke7 31. Qf6+ Ke8 32. Rh8+ Bf8 33.
Qxe5+ Qxe5 34. Bxe5 Kd7 35. Rh7 Bc5 36. Rd1 Kc6 37. Rxf7 a5 38. Rf6+ Kb5 39.
Rxd5 a4 40. c4+ Kb4 41. Rb6+ 1-0

[Event "II Festival A"]
[Site "Salsomaggiore Terme ITA"]
[Date "1998.05.??"]
[Round "5"]
[White "Oppici, Gabriele"]
[Black "Pangrazzi, Marco"]
[Result "0-1"]
[WhiteElo "2095"]
[BlackElo "2250"]
[PlyCount "86"]
[EventDate "1998.05.14"]

1. Nc3 c5 2. Nf3 Nc6 3. d4 cxd4 4. Nxd4 d5 5. Bf4 Nf6 6. e4 Qb6 7. Bb5 Bd7 8.
Bxc6 bxc6 9. e5 Qxb2 10. Na4 Qa3 11. exf6 Qxa4 12. fxe7 Bxe7 13. O-O O-O 14.
Rb1 Bf6 15. Ne2 Bg4 16. f3 Bf5 17. Rb3 Qxa2 18. Nd4 Bxd4+ 19. Qxd4 Bxc2 20. Rb7
Qa4 21. Rb4 Qa6 22. Bd6 Rfe8 23. h4 Qd3 24. Qb2 Qe3+ 25. Kh1 Bf5 26. Rc1 Bd7
27. Bf4 Qe7 28. Bg3 c5 29. Rb7 Rec8 30. Re1 Qd8 31. Qe5 Be6 32. f4 Qf6 33. Qh5
a5 34. Re5 a4 35. f5 g6 36. fxg6 hxg6 37. Rg5 Qg7 38. Qe2 Qh6 39. Qe5 a3 40.
Qf6 Qg7 41. Qe7 a2 42. Be5 Qxe5 43. Rxg6+ Kh7 0-1

[Event "II Festival A"]
[Site "Salsomaggiore Terme ITA"]
[Date "1998.05.??"]
[Round "5"]
[White "Peric, Slavisa"]
[Black "Profumo, Alberto"]
[Result "1-0"]
[WhiteElo "2365"]
[BlackElo "2270"]
[PlyCount "31"]
[EventDate "1998.05.14"]

1. d4 Nf6 2. Nf3 g6 3. c4 Bg7 4. Nc3 O-O 5. e4 d6 6. Be2 e5 7. dxe5 dxe5 8.
Qxd8 Rxd8 9. Nd5 Nxd5 10. cxd5 c6 11. Bc4 h6 12. Be3 b5 13. Bb3 Bb7 14. Rc1
cxd5 15. Rc7 Rd7 16. Rxb7 1-0

[Event "II Festival A"]
[Site "Salsomaggiore Terme ITA"]
[Date "1998.05.??"]
[Round "5"]
[White "Rogers, Ian"]
[Black "Iotti, Pierluigi"]
[Result "1-0"]
[WhiteElo "2570"]
[BlackElo "2325"]
[PlyCount "25"]
[EventDate "1998.05.14"]

1. e4 e6 2. Nf3 d5 3. Nc3 Nf6 4. e5 Nfd7 5. d4 c5 6. dxc5 Bxc5 7. Bd3 Nc6 8.
Bf4 f6 9. exf6 Nxf6 10. O-O O-O 11. Ne5 Bd7 12. Qe2 Ne4 13. Nxe4 1-0

[Event "II Festival A"]
[Site "Salsomaggiore Terme ITA"]
[Date "1998.05.??"]
[Round "5"]
[White "Salami, Marco"]
[Black "Doric, Nenad"]
[Result "1/2-1/2"]
[WhiteElo "2205"]
[BlackElo "2230"]
[PlyCount "34"]
[EventDate "1998.05.14"]

1. e4 c5 2. Nc3 Nc6 3. g3 g6 4. Bg2 Bg7 5. d3 d6 6. f4 Nh6 7. Nf3 f5 8. O-O O-O
9. h3 Nf7 10. Be3 Nd4 11. Rb1 Bd7 12. Ne2 Nxf3+ 13. Rxf3 Qc7 14. Rf2 Rae8 15.
Nc3 e6 16. Qd2 Bc6 17. Re1 b6 1/2-1/2

[Event "II Festival A"]
[Site "Salsomaggiore Terme ITA"]
[Date "1998.05.??"]
[Round "5"]
[White "Tencati, Giuseppe"]
[Black "Squarci, Franco"]
[Result "1-0"]
[WhiteElo "2040"]
[BlackElo "1948"]
[PlyCount "78"]
[EventDate "1998.05.14"]

1. d4 Nf6 2. c4 g6 3. Nc3 Bg7 4. e4 d6 5. Nf3 O-O 6. Be2 Nbd7 7. Bg5 c5 8. d5
h6 9. Bh4 Ng4 10. Nd2 Ngf6 11. O-O Ne5 12. Qc2 g5 13. Bg3 Ng6 14. Rae1 h5 15.
h3 h4 16. Bh2 g4 17. hxg4 Nxg4 18. Bxg4 Bxg4 19. f4 h3 20. Nf3 Qd7 21. f5 Bxf3
22. Rxf3 Ne5 23. Bxe5 Bxe5 24. gxh3 Kh8 25. Ne2 Rg8+ 26. Kh1 Rg7 27. Rg1 Rxg1+
28. Nxg1 Rg8 29. Rf2 Qe8 30. Rg2 f6 31. b3 Qh5 32. Qe2 Qh6 33. Rg4 Rg5 34. Qg2
Bd4 35. Rxg5 Bxg1 36. Kxg1 fxg5 37. Qg4 Kg7 38. Kf2 Kf6 39. Kg3 39... Ke5 {...}
1-0

[Event "II Festival A"]
[Site "Salsomaggiore Terme ITA"]
[Date "1998.05.??"]
[Round "5"]
[White "Zlochevskij, Alexander"]
[Black "De Santis, Alessio"]
[Result "1-0"]
[WhiteElo "2435"]
[BlackElo "2310"]
[PlyCount "55"]
[EventDate "1998.05.14"]

1. e4 e5 2. Bc4 Nc6 3. Nf3 Nf6 4. d3 d6 5. Ng5 d5 6. exd5 Na5 7. Bb5+ c6 8.
dxc6 bxc6 9. Ba4 Be7 10. O-O O-O 11. h3 Nd5 12. Nf3 Bd6 13. Nc3 Nxc3 14. bxc3
Qf6 15. Re1 Qg6 16. Nxe5 Qf6 17. Qh5 Bc7 18. Ba3 g6 19. Qh6 Rd8 20. Nxf7 Qxf7
21. Re7 Rd7 22. Rxf7 Rxf7 23. Re1 Bd7 24. Bb4 Bb6 25. d4 Rg7 26. Re5 Nb7 27.
Bb3+ Kh8 28. Re7 1-0

[Event "II Festival A"]
[Site "Salsomaggiore Terme ITA"]
[Date "1998.05.??"]
[Round "6"]
[White "Farago, Ivan"]
[Black "Efimov, Igor"]
[Result "1/2-1/2"]
[WhiteElo "2475"]
[BlackElo "2525"]
[PlyCount "109"]
[EventDate "1998.05.14"]

1. d4 e6 2. c4 c5 3. d5 exd5 4. cxd5 d6 5. Nc3 g6 6. Nf3 Bg7 7. Nd2 Nd7 8. e4
Ne7 9. Nc4 Ne5 10. Qa4+ Kf8 11. Bf4 Nxc4 12. Bxc4 a6 13. O-O h6 14. Bg3 g5 15.
Be2 Ng6 16. Qd1 b5 17. a3 Kg8 18. Rc1 Bd4 19. Rc2 Qf6 20. Bg4 Bxg4 21. Qxg4 h5
22. Qf5 Rd8 23. Qxf6 Bxf6 24. f3 h4 25. Bf2 h3 26. Be3 Kg7 27. gxh3 Rxh3 28.
Rg2 Rdh8 29. Bxg5 Bxg5 30. Rxg5 Rxh2 31. Rg2 Rh1+ 32. Kf2 Rxf1+ 33. Kxf1 Kf6
34. Kg1 Nf4 35. Rg4 Ke5 36. Rg5+ Kd4 37. Rf5 Ke3 38. e5 dxe5 39. Rxe5+ Kxf3 40.
Rf5 b4 41. axb4 cxb4 42. Na4 Rd8 43. Nb6 Rd6 44. Nc4 Rxd5 45. Rxf7 Rd1+ 46. Kh2
Rc1 47. Ne5+ Ke4 48. Rxf4+ Kxf4 49. Nd3+ Ke3 50. Nxc1 a5 51. Nb3 a4 52. Nc5 a3
53. bxa3 bxa3 54. Nb3 a2 55. Kg1 1/2-1/2

[Event "II Festival A"]
[Site "Salsomaggiore Terme ITA"]
[Date "1998.05.??"]
[Round "6"]
[White "Isonzo, David"]
[Black "Peric, Slavisa"]
[Result "0-1"]
[WhiteElo "2235"]
[BlackElo "2365"]
[PlyCount "82"]
[EventDate "1998.05.14"]

1. e4 e6 2. d4 d5 3. exd5 exd5 4. c4 Nf6 5. Nc3 h6 6. Nf3 Be6 7. Qb3 b6 8. Bf4
c6 9. Rc1 Be7 10. cxd5 Nxd5 11. Nxd5 Bxd5 12. Bc4 O-O 13. Ne5 Bf6 14. O-O Nd7
15. Bxd5 Bxe5 16. dxe5 cxd5 17. Qxd5 Nc5 18. Rfd1 Qe7 19. Be3 Ne6 20. Qe4 Rad8
21. f4 Rxd1+ 22. Rxd1 Rd8 23. Rc1 Qh4 24. Qf3 g6 25. Rf1 Ng7 26. g4 h5 27. h3
Qe7 28. Rd1 hxg4 29. hxg4 Rxd1+ 30. Qxd1 Ne6 31. f5 Nc5 32. Qd4 Qh4 33. Kg2
gxf5 34. gxf5 Ne4 35. Bf2 Qg4+ 36. Kf1 Qxf5 37. Ke2 Nxf2 38. Qxf2 Qxe5+ 39. Kf1
Qb5+ 40. Kg2 Qg5+ 41. Kf1 41... Kg7 {...} 0-1

[Event "II Festival A"]
[Site "Salsomaggiore Terme ITA"]
[Date "1998.05.??"]
[Round "6"]
[White "Mrdja, Milan"]
[Black "Mitkov, Nikola"]
[Result "0-1"]
[WhiteElo "2380"]
[BlackElo "2500"]
[PlyCount "88"]
[EventDate "1998.05.14"]

1. e4 e5 2. Nf3 Nc6 3. Bb5 a6 4. Ba4 Nf6 5. O-O Be7 6. Bxc6 dxc6 7. d3 Nd7 8.
Nbd2 O-O 9. Nc4 f6 10. Nh4 Nc5 11. Ne3 Rf7 12. g3 g6 13. Nhg2 Bf8 14. f4 exf4
15. gxf4 f5 16. e5 Ne6 17. c3 c5 18. Qe2 b6 19. Nc2 a5 20. Be3 Ba6 21. Rad1 Qd5
22. c4 Qc6 23. b3 Rd8 24. Nh4 Bb7 25. Qg2 Rfd7 26. Ne1 Qxg2+ 27. Nhxg2 Nd4 28.
Kf2 a4 29. Bxd4 Rxd4 30. Ke2 Be4 31. Ne3 Bc6 32. N1c2 R4d7 33. Rd2 Bh6 34. h4
Kf7 35. h5 Be4 36. Rfd1 Bb7 37. Rf1 Ke6 38. bxa4 Be4 39. Rfd1 Bc6 40. Rf1 Bxa4
41. Nd5 g5 42. fxg5 Bxg5 43. Nce3 Rf7 44. Rg1 h6 0-1

[Event "II Festival A"]
[Site "Salsomaggiore Terme ITA"]
[Date "1998.05.??"]
[Round "6"]
[White "Oppici, Gabriele"]
[Black "Salami, Marco"]
[Result "0-1"]
[WhiteElo "2095"]
[BlackElo "2205"]
[PlyCount "102"]
[EventDate "1998.05.14"]

1. Nc3 e6 2. Nf3 Nf6 3. d4 d5 4. Bg5 Be7 5. e3 Nbd7 6. Bd3 c5 7. O-O h6 8. Bf4
a6 9. a4 c4 10. Be2 O-O 11. Nd2 Qb6 12. Rb1 Qa5 13. e4 Bb4 14. e5 Nh7 15. Bg4
Bxc3 16. bxc3 Qxa4 17. Rb4 Qc6 18. Be3 b5 19. f4 Re8 20. Qf3 Nb6 21. Bh3 f5 22.
Qh5 Rf8 23. g4 Qe8 24. Qh4 Ra7 25. Kh1 Qe7 26. Qg3 Na4 27. Bf2 Qf7 28. Be1 Qg6
29. Nf3 fxg4 30. Nh4 Qe4+ 31. Bg2 Qxc2 32. Qxg4 Nxc3 33. f5 exf5 34. Qg6 a5 35.
Bxc3 axb4 36. Bxd5+ Rff7 37. Bxb4 Qe2 38. Rg1 Ng5 39. Re1 Qg4 40. Qd6 Qxh4 41.
Qd8+ Kh7 42. Bxf7 Rxf7 43. Qxc8 Qxd4 44. Qc6 Ne4 45. Qe6 Nf2+ 46. Kg2 Ng4 47.
Re2 Qd3 48. Rd2 Qe4+ 49. Kh3 Qf3+ 50. Kh4 g5+ 51. Kh5 Nf6# 0-1

[Event "II Festival A"]
[Site "Salsomaggiore Terme ITA"]
[Date "1998.05.??"]
[Round "6"]
[White "Pipitone, Antonio"]
[Black "Squarci, Franco"]
[Result "1-0"]
[WhiteElo "2050"]
[BlackElo "1948"]
[PlyCount "119"]
[EventDate "1998.05.14"]

1. e4 c5 2. Nf3 Nc6 3. d4 cxd4 4. Nxd4 Nf6 5. Nc3 e5 6. Ndb5 d6 7. Bg5 h6 8.
Bxf6 gxf6 9. Nd5 Be6 10. Nbc7+ Kd7 11. Nxa8 Qxa8 12. Nxf6+ Kd8 13. c3 Be7 14.
Qf3 Bxf6 15. Qxf6+ Kc7 16. Bb5 Qf8 17. Bxc6 bxc6 18. f4 exf4 19. Qxf4 Rg8 20.
O-O Rg4 21. Qe3 c5 22. b4 Qg7 23. g3 Rg5 24. bxc5 Rxc5 25. Qd4 Qg5 26. Rfd1 Qe7
27. Rd2 a5 28. Rb1 h5 29. Rdb2 Bc8 30. Rb5 Qg5 31. Rxc5+ dxc5 32. Qf2 Kc6 33.
Qf4 Qe7 34. e5 Be6 35. Qe4+ Bd5 36. Qa4+ Kc7 37. Qxa5+ Kc8 38. Qa6+ Bb7 39.
Rxb7 Qxb7 40. Qxb7+ Kxb7 41. Kf2 Kc6 42. Ke3 Kd5 43. a4 Kc4 44. Kd2 Kd5 45. a5
c4 46. a6 Kc6 47. Ke3 Kb6 48. a7 Kxa7 49. Kd4 Kb6 50. Kxc4 Kc6 51. h3 Kd7 52.
Kd5 Ke7 53. c4 f5 54. exf6+ Kxf6 55. Kd6 Kf5 56. g4+ hxg4 57. hxg4+ Kxg4 58. c5
Kf5 59. c6 Kf6 60. c7 1-0

[Event "II Festival A"]
[Site "Salsomaggiore Terme ITA"]
[Date "1998.05.??"]
[Round "6"]
[White "Profumo, Alberto"]
[Black "Nicolo', Filippo"]
[Result "1/2-1/2"]
[WhiteElo "2270"]
[BlackElo "1971"]
[PlyCount "81"]
[EventDate "1998.05.14"]

1. Nf3 d6 2. d4 f5 3. g3 g6 4. Bg2 Nf6 5. O-O Bg7 6. c4 O-O 7. Nc3 Nc6 8. d5
Ne5 9. Nxe5 dxe5 10. Qb3 Kh8 11. c5 h6 12. Rd1 g5 13. Bd2 f4 14. Be1 a6 15. Ne4
Qe8 16. Nxf6 Rxf6 17. Bc3 Rf8 18. Ba5 Qh5 19. Rd2 Bg4 20. f3 fxg3 21. hxg3 Bh3
22. g4 Qh4 23. e4 Qg3 24. Rf1 Rac8 25. Qe3 Bxg4 26. Qf2 Qxf2+ 27. Rdxf2 Bd7 28.
Rc1 Rf6 29. Rfc2 c6 30. Rd1 Rg6 31. dxc6 Bxc6 32. Bh3 Rf8 33. Bg4 Rgf6 34. Rd8
Kh7 35. Bc7 Rxf3 36. Bxf3 Rxf3 37. Re2 Rf4 38. Rd1 Bxe4 39. Rde1 Rg4+ 40. Kh2
Bf3 41. Bxe5 1/2-1/2

[Event "II Festival A"]
[Site "Salsomaggiore Terme ITA"]
[Date "1998.05.??"]
[Round "6"]
[White "Rogers, Ian"]
[Black "Zlochevskij, Alexander"]
[Result "1-0"]
[WhiteElo "2570"]
[BlackElo "2435"]
[PlyCount "89"]
[EventDate "1998.05.14"]

1. d4 Nf6 2. c4 c5 3. d5 b5 4. cxb5 a6 5. b6 Qxb6 6. Nc3 g6 7. e4 d6 8. Be2 Bg7
9. Nf3 Nbd7 10. O-O O-O 11. a4 Qc7 12. Nd2 Rb8 13. a5 Qa7 14. Nc4 Ne8 15. Bg5
Ne5 16. Nb6 h6 17. Be3 Nd7 18. Nca4 Nxb6 19. axb6 Rxb6 20. Nxb6 Qxb6 21. Qd2
Qxb2 22. Qxb2 Bxb2 23. Ra2 Bg7 24. Rb1 f5 25. exf5 Bxf5 26. Rb7 Be4 27. Rxe7
Bxd5 28. Rxa6 Bf6 29. Rea7 g5 30. h4 Rf7 31. Rxf7 Bxf7 32. Bb5 Be7 33. hxg5
hxg5 34. Ra8 Kf8 35. f4 g4 36. f5 Bh4 37. g3 Bxg3 38. f6 Be5 39. Bh6+ Kg8 40.
Bxe8 Bxf6 41. Bc6+ Kh7 42. Be3 c4 43. Be4+ Kg7 44. Ra7 Kf8 45. Bh6+ 1-0

[Event "II Torneo Internazionale"]
[Site "Montecatini Terme ITA"]
[Date "1998.11.??"]
[Round "1"]
[White "Golubovic, Boris"]
[Black "Cugini, Verter"]
[Result "1/2-1/2"]
[WhiteElo "2440"]
[BlackElo "2190"]
[PlyCount "77"]
[EventDate "1998.11.07"]

1. e4 e6 2. d4 d5 3. Nc3 Nf6 4. e5 Ne4 5. Nxe4 dxe4 6. Be3 c5 7. dxc5 Nd7 8.
Qg4 Nxc5 9. Nh3 Qa5+ 10. c3 Nd3+ 11. Bxd3 exd3 12. Bd4 Bd7 13. O-O g6 14. Rfd1
Qb5 15. b4 Qc4 16. Ng5 Be7 17. Ne4 Bc6 18. Nd6+ Bxd6 19. exd6 O-O-O 20. Qg3
Rhe8 21. Rxd3 Rxd6 22. Re3 Red8 23. h3 Rxd4 24. cxd4 Qxb4 25. Qf4 Qxd4 26. Qxd4
Rxd4 27. Rc1 Rd2 28. a3 Kd7 29. Rcc3 Ra2 30. f3 Bd5 31. Re1 Rb2 32. Rec1 Bc6
33. h4 Rd2 34. Kh2 Rd4 35. Kg3 Ra4 36. Rd1+ Bd5 37. Rdc1 Bc6 38. Rd1+ Bd5 39.
Rdc1 1/2-1/2

[Event "II Torneo Internazionale"]
[Site "Montecatini Terme ITA"]
[Date "1998.11.??"]
[Round "1"]
[White "Tomescu, Vlad"]
[Black "Corvi, Marco"]
[Result "1/2-1/2"]
[WhiteElo "2425"]
[BlackElo "2305"]
[PlyCount "44"]
[EventDate "1998.11.07"]

1. d4 f5 2. c4 Nf6 3. Nc3 e6 4. Nf3 Bb4 5. e3 O-O 6. Qb3 Qe7 7. a3 Bxc3+ 8.
Qxc3 Ne4 9. Qc2 b6 10. Bd3 Bb7 11. O-O d6 12. Nd2 Nxd2 13. Bxd2 Nd7 14. f3 c5
15. b4 Rac8 16. dxc5 dxc5 17. b5 Ne5 18. Bc3 Nxd3 19. Qxd3 Rcd8 20. Qc2 Rd7 21.
Rfd1 Rfd8 22. Be5 Kf7 1/2-1/2

[Event "II Torneo Internazionale"]
[Site "Montecatini Terme ITA"]
[Date "1998.11.??"]
[Round "2"]
[White "Caposciutti, Maurizio"]
[Black "Tomescu, Vlad"]
[Result "0-1"]
[WhiteElo "2360"]
[BlackElo "2425"]
[PlyCount "80"]
[EventDate "1998.11.07"]

1. Nf3 Nf6 2. c4 g6 3. b3 Bg7 4. Bb2 O-O 5. g3 d6 6. d4 Nbd7 7. Bg2 c6 8. O-O
Re8 9. Nc3 e5 10. e4 exd4 11. Nxd4 Nc5 12. Re1 a5 13. h3 Qb6 14. Rb1 Nfd7 15.
Nde2 Ne5 16. Nf4 a4 17. Qxd6 axb3 18. axb3 Ra6 19. Red1 Bf8 20. Ncd5 Bxd6 21.
Nxb6 Rxb6 22. Rxd6 Rxb3 23. Rdd1 Nxc4 24. Bd4 Rxb1 25. Rxb1 Nxe4 26. Ra1 Ncd6
27. Ra5 b6 28. Ra8 c5 29. Bb2 Bb7 30. Ra7 Bc6 31. Rc7 Rc8 32. Re7 c4 33. Be5
Kf8 34. Ra7 c3 35. Nd3 Nb5 36. Ra1 Nd2 37. Bf4 Bxg2 38. Kxg2 Nb3 39. Re1 c2 40.
Bh6+ Kg8 0-1

[Event "II Torneo Internazionale"]
[Site "Montecatini Terme ITA"]
[Date "1998.11.??"]
[Round "2"]
[White "Corvi, Marco"]
[Black "Iotti, Pierluigi"]
[Result "1/2-1/2"]
[WhiteElo "2305"]
[BlackElo "2320"]
[PlyCount "86"]
[EventDate "1998.11.07"]

1. c4 c5 2. Nc3 b6 3. Nf3 Bb7 4. b3 Nf6 5. Bb2 e6 6. g3 Be7 7. Bg2 O-O 8. O-O
a6 9. d4 cxd4 10. Qxd4 d6 11. Rfd1 Nbd7 12. e4 Qc7 13. Ba3 Nc5 14. e5 dxe5 15.
Qxe5 Rac8 16. Qxc7 Rxc7 17. Ne5 Bxg2 18. Kxg2 Rfc8 19. Bxc5 Rxc5 20. Nd7 Nxd7
21. Rxd7 R5c7 22. Rad1 Kf8 23. a4 Ke8 24. R7d3 Rd8 25. Rxd8+ Bxd8 26. Kf3 Rd7
27. Ke2 f5 28. h3 Rxd1 29. Nxd1 Bf6 30. f3 Kd7 31. Nf2 Bd4 32. Nd3 a5 33. g4 g6
34. gxf5 gxf5 35. f4 Kd6 36. Kf3 e5 37. fxe5+ Bxe5 38. Ke3 Ke6 39. Ne1 Bg3 40.
Nf3 Kd6 41. Kd3 Kc5 42. Nd4 f4 43. Nf3 Kb4 1/2-1/2

[Event "II Torneo Internazionale"]
[Site "Montecatini Terme ITA"]
[Date "1998.11.??"]
[Round "2"]
[White "Cugini, Verter"]
[Black "Vezzosi, Paolo"]
[Result "0-1"]
[WhiteElo "2190"]
[BlackElo "2325"]
[PlyCount "82"]
[EventDate "1998.11.07"]

1. e4 c5 2. g3 Nc6 3. Bg2 g6 4. Ne2 Bg7 5. O-O e6 6. c3 Nge7 7. d4 cxd4 8. cxd4
d5 9. exd5 Nxd5 10. Nbc3 Nxc3 11. bxc3 O-O 12. Be3 Bd7 13. Rc1 Rc8 14. Qd3 Qa5
15. Rfd1 b5 16. Qd2 Ne7 17. Nf4 Nf5 18. Nd3 Bc6 19. Bxc6 Rxc6 20. Nb4 Rc4 21.
Nd3 Rfc8 22. Nc5 Nxe3 23. fxe3 Bf8 24. Nb3 Qc7 25. e4 Ba3 26. Rb1 Rxc3 27. Qf4
Qc4 28. Rf1 Rf8 29. Rf2 Rc2 30. Rbf1 Rxf2 31. Rxf2 Bb4 32. h4 a5 33. h5 a4 34.
Nd2 Qxd4 35. Nf3 Qc3 36. Kg2 Bc5 37. Re2 Be7 38. e5 Qc4 39. Re4 Qxa2+ 40. Kh3
Qb1 41. hxg6 Qf1+ 0-1

[Event "II Torneo Internazionale"]
[Site "Montecatini Terme ITA"]
[Date "1998.11.??"]
[Round "2"]
[White "Golubovic, Boris"]
[Black "Sciortino, Massimo"]
[Result "1-0"]
[WhiteElo "2440"]
[BlackElo "2180"]
[PlyCount "71"]
[EventDate "1998.11.07"]

1. e4 e5 2. Nf3 Nc6 3. d4 exd4 4. Nxd4 Nge7 5. Bc4 Nxd4 6. Qxd4 Nc6 7. Qe3 Bb4+
8. Bd2 Bxd2+ 9. Nxd2 Qf6 10. O-O-O d6 11. h4 Be6 12. f3 Bxc4 13. Nxc4 O-O-O 14.
Kb1 Kb8 15. Qg5 Qe6 16. Ne3 g6 17. h5 h6 18. Qd5 Ne7 19. Qd4 g5 20. g4 Qe5 21.
Rhf1 Rhe8 22. Qc4 Qe6 23. Rd3 Qxc4 24. Nxc4 b5 25. Ne3 c6 26. b3 Kc7 27. f4 f6
28. fxg5 fxg5 29. Rf7 Rd7 30. Rf6 Nc8 31. Rxh6 Rxe4 32. Rg6 Rde7 33. Nf5 Rxg4
34. Nxe7 Nxe7 35. Rg7 Kd7 36. Re3 1-0

[Event "II Torneo Internazionale"]
[Site "Montecatini Terme ITA"]
[Date "1998.11.??"]
[Round "2"]
[White "Medancic, Rikard"]
[Black "Naumkin, Igor"]
[Result "1/2-1/2"]
[WhiteElo "2330"]
[BlackElo "2475"]
[PlyCount "130"]
[EventDate "1998.11.07"]

1. e4 e6 2. Qe2 c5 3. g3 Nc6 4. Bg2 Nge7 5. Nf3 d5 6. d3 g6 7. O-O Bg7 8. Re1
b6 9. e5 h6 10. h4 a5 11. Nbd2 a4 12. Nf1 Nf5 13. c3 b5 14. Ne3 Nxe3 15. Bxe3
Qe7 16. Qd2 Bd7 17. Bf4 b4 18. c4 dxc4 19. dxc4 Na5 20. Rac1 Bc6 21. Qe3 Rd8
22. Nd2 Bxg2 23. Kxg2 Nc6 24. Kg1 Kf8 25. Red1 Kg8 26. b3 Nd4 27. Ne4 axb3 28.
axb3 Kh7 29. Rd2 Qb7 30. Rcd1 Qc6 31. Rd3 Rd7 32. Nxc5 Nf3+ 33. Kf1 Nh2+ 34.
Ke2 Rc7 35. Nd7 Ra8 36. R3d2 Rca7 37. f3 Ra2 38. Kf2 Qxd7 39. Kg2 Nxf3 40. Qxf3
Rxd2+ 41. Rxd2 Qc8 42. h5 g5 43. Be3 Kg8 44. Bb6 Qe8 45. Bc7 Bf8 46. Bd6 Ra6
47. Qb7 Ra1 48. Kf2 f6 49. g4 fxe5 50. Bxe5 Qa8 51. Qxa8 Rxa8 52. Bd6 Ra3 53.
Bxf8 Kxf8 54. Rd3 Ke7 55. Ke3 Ra2 56. c5 Rg2 57. c6 Rc2 58. Rd7+ Kf6 59. c7 Ke5
60. Kd3 Rc3+ 61. Kd2 Rc6 62. Ke3 Rc3+ 63. Kd2 Rc6 64. Kd3 Rc3+ 65. Kd2 Rc6
1/2-1/2

[Event "II Torneo Internazionale"]
[Site "Montecatini Terme ITA"]
[Date "1998.11.??"]
[Round "2"]
[White "Toulzac, Pierre-Yves"]
[Black "Drei, Andrea"]
[Result "0-1"]
[WhiteElo "2275"]
[BlackElo "2340"]
[PlyCount "134"]
[EventDate "1998.11.07"]

1. d4 Nf6 2. c4 e6 3. Nf3 b6 4. a3 Ba6 5. Qc2 Bb7 6. g3 Nc6 7. Qd3 e5 8. dxe5
Nxe5 9. Nxe5 Bxh1 10. f3 Bd6 11. Qe3 O-O 12. Nd3 Re8 13. Qf2 Qe7 14. Nd2 Qe6
15. Kd1 Be5 16. Qg1 d5 17. cxd5 Nxd5 18. e4 Nc3+ 19. Kc2 Nxe4 20. Nxe5 Qxe5 21.
fxe4 Bxe4+ 22. Nxe4 Qxe4+ 23. Bd3 Qc6+ 24. Kb3 Rad8 25. Qf1 b5 26. Bd2 Qd5+ 27.
Kc2 c5 28. Ba5 c4 29. Bxd8 cxd3+ 30. Qxd3 Rxd8 31. Qxd5 Rxd5 32. Kc3 Kf8 33. a4
a5 34. b4 axb4+ 35. Kxb4 bxa4 36. Kxa4 Rd2 37. Rh1 g5 38. Kb3 Kg7 39. Kc3 Rg2
40. Kd3 g4 41. Ke3 Kg6 42. Kf4 f5 43. h3 Rf2+ 44. Ke5 Re2+ 45. Kd4 Rg2 46. hxg4
fxg4 47. Ke3 h5 48. Ra1 Rxg3+ 49. Kf2 Rf3+ 50. Kg2 h4 51. Ra6+ Kg5 52. Ra5+ Rf5
53. Ra8 h3+ 54. Kg3 Rf3+ 55. Kh2 Rf2+ 56. Kg1 Re2 57. Ra4 g3 58. Ra5+ Kg4 59.
Ra4+ Kf3 60. Ra1 g2 61. Rb1 Re3 62. Kh2 Kf2 63. Rb2+ Re2 64. Rb1 Re1 65. Rb2+
Ke3 66. Rb3+ Kd4 67. Rg3 Rh1# 0-1

[Event "II Torneo Internazionale"]
[Site "Montecatini Terme ITA"]
[Date "1998.11.??"]
[Round "3"]
[White "Drei, Andrea"]
[Black "Golubovic, Boris"]
[Result "1/2-1/2"]
[WhiteElo "2340"]
[BlackElo "2440"]
[PlyCount "125"]
[EventDate "1998.11.07"]

1. e4 c6 2. d4 d5 3. Nc3 dxe4 4. Nxe4 Bf5 5. Ng3 Bg6 6. h4 h6 7. Nf3 Nd7 8. h5
Bh7 9. Bd3 Bxd3 10. Qxd3 e6 11. Ne4 Ngf6 12. Nxf6+ Nxf6 13. Ne5 Qd5 14. f3 Rd8
15. Be3 Bd6 16. c4 Qa5+ 17. Bd2 Qc7 18. Qc3 O-O 19. O-O-O b5 20. g4 bxc4 21.
Nxc4 Nd5 22. Qd3 Bf4 23. Kb1 c5 24. Ba5 Nb6 25. Qe4 Rxd4 26. Rxd4 cxd4 27. Qxd4
Rc8 28. b3 Bg5 29. Bxb6 axb6 30. Qxb6 Qf4 31. Qf2 Rd8 32. Rf1 Rd3 33. Kc2 Rd4
34. Rd1 Rd5 35. Rxd5 exd5 36. Nd2 f5 37. Qe2 fxg4 38. fxg4 Qd4 39. Qe6+ Kh8 40.
Qe8+ Kh7 41. Qe2 Qc5+ 42. Kd1 Qc3 43. a4 Be3 44. a5 d4 45. a6 Kh8 46. Qg2 Qa1+
47. Kc2 Qxa6 48. Nc4 Qa2+ 49. Nb2 Qa1 50. Kd3 Qa3 51. Qd5 Qf8 52. Qf5 Qb8 53.
Kc2 Qh2+ 54. Kb1 Qh1+ 55. Ka2 Qa8+ 56. Kb1 Bd2 57. Na4 Bg5 58. Nb2 Qb8 59. Qd5
Bf6 60. Nd3 Qc8 61. Nf4 Qxg4 62. Ng6+ Kh7 63. Nf8+ 1/2-1/2

[Event "II Torneo Internazionale"]
[Site "Montecatini Terme ITA"]
[Date "1998.11.??"]
[Round "3"]
[White "Iotti, Pierluigi"]
[Black "Caposciutti, Maurizio"]
[Result "1-0"]
[WhiteElo "2320"]
[BlackElo "2360"]
[PlyCount "121"]
[EventDate "1998.11.07"]

1. d4 Nf6 2. c4 c5 3. d5 b5 4. cxb5 a6 5. bxa6 Bxa6 6. g3 d6 7. Bg2 g6 8. Nf3
Bg7 9. O-O O-O 10. Nc3 Nbd7 11. Qc2 Nb6 12. Nd2 Ra7 13. Rd1 Nfd7 14. Nf1 Ne5
15. h3 Qc7 16. b3 c4 17. b4 Nd3 18. a3 Nxc1 19. Rdxc1 Bxc3 20. Qxc3 Bb5 21. Ne3
Rfa8 22. h4 Na4 23. Qd4 c3 24. Bf3 Rc8 25. h5 Qb6 26. Qf4 Qd8 27. Kg2 Qf8 28.
Bg4 Rcc7 29. hxg6 hxg6 30. Qd4 Qg7 31. Nc2 Rab7 32. Qxg7+ Kxg7 33. Nd4 Bc4 34.
e4 Bd3 35. Kf3 c2 36. Ke3 Rc3 37. Be2 Bxe2+ 38. Kxe2 Rc4 39. Ke3 Rc3+ 40. Kd2
Rc4 41. Nxc2 Rxe4 42. Kd3 f5 43. Ne3 Rb5 44. Rc8 Rb7 45. Rac1 Nb2+ 46. Kd2 f4
47. gxf4 Rxf4 48. Ke2 Kf7 49. R1c2 Na4 50. R2c7 Rb5 51. Ra8 Nb6 52. Raa7 Re4
53. Kd3 Re5 54. Rcb7 g5 55. Ra6 Rxe3+ 56. fxe3 Rxd5+ 57. Kc3 g4 58. Raa7 Nc8
59. Ra5 Ke6 60. Rxd5 Kxd5 61. Rc7 1-0

[Event "II Torneo Internazionale"]
[Site "Montecatini Terme ITA"]
[Date "1998.11.??"]
[Round "3"]
[White "Sciortino, Massimo"]
[Black "Cugini, Verter"]
[Result "1-0"]
[WhiteElo "2180"]
[BlackElo "2190"]
[PlyCount "87"]
[EventDate "1998.11.07"]

1. d4 d6 2. e4 Nf6 3. Nc3 g6 4. f4 Bg7 5. Nf3 O-O 6. Bd3 c6 7. O-O b5 8. e5 Ne8
9. Qe1 Bf5 10. Bxf5 gxf5 11. Qh4 Nd7 12. e6 fxe6 13. Ng5 Rf6 14. Qxh7+ Kf8 15.
Re1 Nc7 16. Qh5 Kg8 17. Qf3 d5 18. Be3 Nf8 19. a4 b4 20. Ne2 Ne8 21. Nc1 Nd6
22. Nd3 a5 23. Re2 Qe8 24. Kh1 Rh6 25. Bg1 Ne4 26. Nh3 Qh5 27. Rf1 Qxf3 28.
Rxf3 Nd7 29. Be3 Ndf6 30. Ne5 Rc8 31. Ng5 Ng4 32. h3 c5 33. Nxe4 Nxe3 34. Nxc5
Bxe5 35. fxe5 Nc4 36. b3 Nb6 37. Kg1 Kf7 38. g4 Rg8 39. Rg2 Ke8 40. gxf5 Rxg2+
41. Kxg2 exf5 42. Rxf5 Rh4 43. Ne6 Nd7 44. Rf4 1-0

[Event "II Torneo Internazionale"]
[Site "Montecatini Terme ITA"]
[Date "1998.11.??"]
[Round "3"]
[White "Tomescu, Vlad"]
[Black "Toulzac, Pierre-Yves"]
[Result "1-0"]
[WhiteElo "2425"]
[BlackElo "2275"]
[PlyCount "63"]
[EventDate "1998.11.07"]

1. e4 c5 2. Nf3 e6 3. d4 cxd4 4. Nxd4 Nf6 5. Nc3 Nc6 6. Nxc6 bxc6 7. e5 Nd5 8.
Ne4 f5 9. exf6 Nxf6 10. Nd6+ Bxd6 11. Qxd6 Ba6 12. Bxa6 Qa5+ 13. Bd2 Qxa6 14.
f3 Rf8 15. b3 Rf7 16. c4 Qb6 17. O-O-O O-O-O 18. Rhe1 Rg8 19. Re5 Qb8 20. Qd4
Ne8 21. Rde1 g6 22. Ra5 Qb6 23. c5 Qb7 24. Qa4 Kb8 25. Re4 Nc7 26. Rb4 Nb5 27.
Raxb5 cxb5 28. Rxb5 Rc8 29. Bf4+ Ka8 30. Rxb7 Rxc5+ 31. Kb2 Kxb7 32. Be3 1-0